000 00419nam a2200145Ia 4500
008 100415s9999 xx 000 0 und d
082 _b5218
_a582.16(54)
100 _aI.F.R
245 _aThe Indian Forest Records Vol.2 (N.ser)
260 _aDELHI
_c1937
_bGOVT. OF INDIA
365 _b0
630 _aThe Indian Forest Records Vol.2 (N.ser)
730 _aThe Indian Forest Records Vol.2 (N.ser)
942 _cBOOK
999 _c588201
_d588198